00641nam a2200229Ia 4500008004100000020001800041050001600059100001800075245003400093245002100127260001500148260001600163260000900179300001600188300002000204300001000224300003800234440000600272500000800278999001900286952010600305170918s9999 xx 000 0 und d a9780545174817 bR585ba 2008 aRiordan, Rick 4aThe battle of the labyrinth / cby Rick Riordan. aNew York : bScholastic, c2008 a361 pages : billustrations ; c19cm. ePercy Jackson and the Olympians ; a4 a590 c344058d344058 001040aSSISMbSSISMd2017-09-18l0oFIC R585ba 2008pSSISM3130r2017-09-18 00:00:00w2017-09-18yBK